New species of Barycholos from estado Goiás, Brasil (<Amphibia, Anura, Leptodactylidae>) with remarks on related genera (Registro nro. 9220)

Detalles MARC
000 -CABECERA
Campo de control 006760000a22001930004500
090 ## - CLASIFICACIÓN LOCAL
Colección AR
Consecutivo 00119
041 0# - IDIOMA
Código de idioma para texto/pista de sonido o título separado
100 1# - ASIENTO PRINCIPAL--NOMBRE PERSONAL
Nombre personal Lynch, John D.
245 10 - MENCION DE TITULO
Título New species of Barycholos from estado Goiás, Brasil (<Amphibia, Anura, Leptodactylidae>) with remarks on related genera
650 14 - ASIENTO SECUNDARIO DE MATERIA - TERMINO TEMATICO
Término temático o nombre geográfico como elemento de entrada Anfibios
650 14 - ASIENTO SECUNDARIO DE MATERIA - TERMINO TEMATICO
Término temático o nombre geográfico como elemento de entrada Fauna
650 14 - ASIENTO SECUNDARIO DE MATERIA - TERMINO TEMATICO
Término temático o nombre geográfico como elemento de entrada Nuevas especies
650 14 - ASIENTO SECUNDARIO DE MATERIA - TERMINO TEMATICO
Término temático o nombre geográfico como elemento de entrada Morfología
650 14 - ASIENTO SECUNDARIO DE MATERIA - TERMINO TEMATICO
Término temático o nombre geográfico como elemento de entrada Biología
651 #4 - ASIENTO SECUNDARIO DE MATERIA - NOMBRE GEOGRAFICO
-- Río Araguaia
-- Goias
-- Brasil
653 ## - TERMINO DE INDIZACION - NO CONTROLADO
-- Leptodactylidae
-- Baricholos
-- Baricholos savagei
773 1# - Item fuente:
Título Bulletin of the American Museum of Natural History
Especificación de materiales 54
Descripción física 2
Paginas del Articulo 289-302
Lugar, editorial y fecha de publicación 1980
Información sobre la relación 4
942 ## - ELEMENTOS ADICIONALES (KOHA)
Tipo de ítem Artículo
Existencias
Withdrawn status Lost status Sistema de Clasificación Damaged status No para préstamo Colección Ubicación Permanente Ubicación actual Fecha de adquisición Total Checkouts Número topográfico Inventario / Código de Barras Date last seen Ejemplar Price effective from Tipo de material
    Dewey Decimal Classification   No para Préstamo Hemeroteca Bogotá Bogotá 27/02/2015   AR 00119 Fuera de circulación 010351 25/03/2015 1 25/03/2015 Artículo